Mikroskopické huby na pichliači roľnom (Cirsium arvense (L.) Scop.) a ich potencionálne využitie v biologickej ochrane

Podrobná bibliografia
Hlavný autor: Pastirčák, Martin (Autor)
Médium: Článok
Jazyk:slovenčina
ISBN:9788089417247

MARC

LEADER 00000naa a2200000uu 4500
001 vtls011064050
003 SK-MaSNL
005 20260302131822.0
008 210906|2010 xo |||||||||||||||||slo|
015 |a SNBRA 
035 |a (urnnbn)urn:nbn:sk:snk:ar-a0c51m 
035 |a (uuid)a1a01595-027f-49e1-8c12-6e940db66a53 
035 |a urn:nbn:sk:snk-aavbi5 
040 |a SNKBUCL  |b slo  |c SNKBUCL  |e AACR2 
041 0 |a slo 
044 |a xo  |c SK 
100 1 |a Pastirčák, Martin  |4 aut  |9 771486 
245 1 0 |a Mikroskopické huby na pichliači roľnom (Cirsium arvense (L.) Scop.) a ich potencionálne využitie v biologickej ochrane  |c Martin PASTIRČÁK 
246 3 |a Microscopic fungi on Canada thistle (Cirsium arvense (L.) Scop.) and their potencial use in biocontrol 
773 0 |t Pestovateľské technológie a ich význam pre prax  |d Piešťany : Centrum výskumu rastlinnej výroby, 2010  |g S. 115-117  |z 9788089417247 
958 |a OND 
958 |a article12 
958 |a chapter 
999 |c 1310355  |d 1312285